MARC details
| 000 -LEADER |
| fixed length control field |
02074cam a2200481 i 4500 |
| 001 - CONTROL NUMBER |
| control field |
on1344332172 |
| 003 - CONTROL NUMBER IDENTIFIER |
| control field |
OCoLC |
| 005 - DATE AND TIME OF LATEST TRANSACTION |
| control field |
20221018162552.0 |
| 008 - FIXED-LENGTH DATA ELEMENTS--GENERAL INFORMATION |
| fixed length control field |
220913r20222022nyu d 000 f eng d |
| 020 ## - INTERNATIONAL STANDARD BOOK NUMBER |
| International Standard Book Number |
9780593677933 |
| Qualifying information |
(large print : softcover) |
| 020 ## - INTERNATIONAL STANDARD BOOK NUMBER |
| International Standard Book Number |
0593677935 |
| Qualifying information |
(large print : softcover) |
| 035 ## - SYSTEM CONTROL NUMBER |
| System control number |
(OCoLC)1344332172 |
| 040 ## - CATALOGING SOURCE |
| Original cataloging agency |
NjBwBT |
| Language of cataloging |
eng |
| Description conventions |
rda |
| Transcribing agency |
CG4 |
| Modifying agency |
CG4 |
| -- |
CHY |
| -- |
OCLCQ |
| -- |
IEP |
| -- |
ILC |
| -- |
OQX |
| -- |
JQW |
| -- |
NZAUC |
| -- |
DEERP |
| -- |
UOK |
| 043 ## - GEOGRAPHIC AREA CODE |
| Geographic area code |
n-us-nc |
| 049 ## - LOCAL HOLDINGS (OCLC) |
| Holding library |
UOKA |
| 050 14 - LIBRARY OF CONGRESS CALL NUMBER |
| Classification number |
PS3569.P363 |
| Item number |
D74 2022b |
| 082 04 - DEWEY DECIMAL CLASSIFICATION NUMBER |
| Classification number |
813/.54 |
| Edition number |
23/eng/20220825 |
| 092 ## - LOCALLY ASSIGNED DEWEY CALL NUMBER (OCLC) |
| Classification number |
fiction large print |
| Item number |
Sparks |
| 100 1# - MAIN ENTRY--PERSONAL NAME |
| Personal name |
Sparks, Nicholas |
| Relator term |
author. |
| 245 10 - TITLE STATEMENT |
| Title |
Dreamland : |
| Remainder of title |
a novel / |
| Statement of responsibility, etc |
Nicholas Sparks. |
| 246 30 - VARYING FORM OF TITLE |
| Title proper/short title |
Dream land |
| 250 ## - EDITION STATEMENT |
| Edition statement |
First large print edition. |
| 264 #1 - Production, Publication, Distribution, Manufacture, and Copyright Notice. |
| Place of production, publication, distribution, manufacture |
New York : |
| Name of producer, publisher, distributor, manufacturer |
Random House Large Print, |
| Date of production, publication, distribution, manufacture, or copyr |
[2022] |
| 264 #4 - Production, Publication, Distribution, Manufacture, and Copyright Notice. |
| Date of production, publication, distribution, manufacture, or copyr |
�2022 |
| 300 ## - PHYSICAL DESCRIPTION |
| Extent |
452 pages (large print) ; |
| Dimensions |
24 cm |
| 336 ## - Content Type |
| Content type term |
text |
| 337 ## - Media type |
| Media type term |
unmediated |
| 338 ## - Carrier type |
| Carrier type term |
volume |
| 520 ## - SUMMARY, ETC. |
| Summary, etc |
When Colby Mills sees his dreams of a music career derailed by tragedy, he becomes the head of a small family farm in North Carolina. There he finds a new love interest, Morgan Lee, an aspiring musician who hopes to someday move to Nashville and become a star. Romantically, she and Colby complete each other in a way that neither has ever known. Hundreds of miles away, Beverly is fleeing an abusive husband with her six-year-old son. They will be drawn together in a web of life-altering connections. |
| 650 #0 - SUBJECT ADDED ENTRY--TOPICAL TERM |
| Topical term or geographic name as entry element |
Farmers |
| Geographic subdivision |
North Carolina |
| Form subdivision |
Fiction. |
| 9 (RLIN) |
6453003 |
| 650 #0 - SUBJECT ADDED ENTRY--TOPICAL TERM |
| Topical term or geographic name as entry element |
Man-woman relationships |
| Form subdivision |
Fiction |
| 9 (RLIN) |
5674079 |
| 650 #0 - SUBJECT ADDED ENTRY--TOPICAL TERM |
| Topical term or geographic name as entry element |
Musicians |
| Form subdivision |
Fiction |
| 9 (RLIN) |
5693779 |
| 650 #0 - SUBJECT ADDED ENTRY--TOPICAL TERM |
| Topical term or geographic name as entry element |
Abused women |
| Form subdivision |
Fiction |
| 9 (RLIN) |
5685174 |
| 650 #0 - SUBJECT ADDED ENTRY--TOPICAL TERM |
| Topical term or geographic name as entry element |
Runaway wives |
| Form subdivision |
Fiction |
| 9 (RLIN) |
5683261 |
| 650 #0 - SUBJECT ADDED ENTRY--TOPICAL TERM |
| Topical term or geographic name as entry element |
Large type books |
| 651 #0 - SUBJECT ADDED ENTRY--GEOGRAPHIC NAME |
| Geographic name |
North Carolina |
| Form subdivision |
Fiction |
| 9 (RLIN) |
5673812 |
| 655 #0 - INDEX TERM--GENRE/FORM |
| Genre/form data or focus term |
Large type books. |
| 655 #7 - INDEX TERM--GENRE/FORM |
| Genre/form data or focus term |
Love stories |
| Source of term |
gsafd |
| 655 #7 - INDEX TERM--GENRE/FORM |
| Genre/form data or focus term |
Large type books. |
| Source of term |
lcgft |
| 655 #7 - INDEX TERM--GENRE/FORM |
| Genre/form data or focus term |
Romance fiction |
| Source of term |
lcgft |
| 655 #7 - INDEX TERM--GENRE/FORM |
| Genre/form data or focus term |
Novels |
| Source of term |
lcgft |
| 942 ## - ADDED ENTRY ELEMENTS (KOHA) |
| Source of classification or shelving scheme |
Dewey Decimal Classification |
| Koha item type |
BOOK |